Que veulent dire ces acronymes ?#2 - Statistiques

Statistiques générales
  • Ce quiz a été pris 168 fois
    14 depuis la dernière actualisation
  • Le résultat moyen est 7 sur 40
Statistiques - réponses
Acronyme Détail % Correct
CHU Centre Hospitalier Universitaire
64%
EVJF Enterrement de Vie de Jeune Fille
57%
WTF What the fuck
57%
GAFAM Google Apple Facebook Amazon Microsoft
50%
TGV Train à Grande Vitesse
50%
AOP Appellation d'Origine Protégée
43%
TTC Toute Taxe Comprise
43%
VIP Very Important Person
43%
ONG Organisation Non Gouvernementale
36%
PTDR Pété De Rire
36%
PME Petite et Moyenne Entreprise
36%
TVA Taxe sur la Valeur Ajoutée
29%
CIO (par Pierre de Coubertin) Comité International Olympique
21%
PEL Plan Epargne Logement
21%
FMI Fonds Monétaire International
14%
IRM Imagerie par Résonnance Magnétique
14%
JDR Jeu de Rôle
14%
JAF Juge aux Affaires Familiales
14%
NFT Non Fungible Token
14%
OTAN Organisation du Traité de l'Atlantique Nord
14%
CNRS Centre National de la Recherche Scientifique
7%
HDMI High Definition Multimedia Interface
7%
LED Light Emitting Diod
7%
OMC Organisation Mondiale du Commerce
7%
QE Quotient Emotionnel
7%
SMIC Salaire Minimum Interprofessionnel de Croissance
7%
TPE (à la caisse) Terminal de Paiement Electronique
7%
TDAH Trouble du Déficit de l'Attention avec ou sans Hyperactivité
7%
TOC Trouble Obsessionnel Compulsif
7%
USB Universal Serial Bus
7%
CIA Central Intelligence Agency
0%
MGM Metro Goldwyn Mayer
0%
NAC Nouveaux Animaux de Compagnie
0%
NTIC Nouvelles Technologies de l'Information et de la Communication
0%
PACS Pacte Civil de Solidarité
0%
RTL Radio Télévisio Luxembourg
0%
SMS Short Message Service
0%
TNT (pas l'explosif) Télévision Numérique Terrestre
0%
URL Uniform Ressource Locator
0%
WWF World Wildlife Fund
0%
Aucun quiz correspondant
Distribution des résultats
% des personnes avec chaque résultat
Percentile par nombre de réponses
Votre historique - résultats
Vous n’avez pas pris ce quiz depuis la dernière actualisation